Fuel Cells : Modeling, Control and Applications
Uložené v:
| Hlavní autori: | , , |
|---|---|
| Médium: | Kniha |
| Jazyk: | English |
| Vydavateľské údaje: |
London :
CRC Press-Taylor & Francis Group,
2010
|
| Tagy: |
Žiadne tagy, Buďte prvý, kto otaguje tento záznam!
|
MARC
| LEADER | 00000nam a22000003a 4500 | ||
|---|---|---|---|
| 001 | stu257506 | ||
| 005 | 20150617230212.8 | ||
| 008 | 121120s--------uk------------------eng-d | ||
| 020 | |a 978-1-4200-7161-0 | ||
| 040 | |a STU |b slo | ||
| 041 | 0 | |a eng | |
| 044 | |a uk | ||
| 080 | |a 631.311.5 | ||
| 100 | 1 | |a Gou, Bei |4 aut | |
| 245 | 1 | |a Fuel Cells : |b Modeling, Control and Applications | |
| 260 | |a London : |b CRC Press-Taylor & Francis Group, |c 2010 | ||
| 300 | |a 234 s |c CD-ROOM | ||
| 700 | 1 | |a Na, Woon Ki |4 aut | |
| 700 | 1 | |a Diong, Bill |4 aut | |
| 996 | |b 284EK89150 |c E*89150 |l EE32 |s P |a 0 |w stu257506_0001 | ||